Bilecik Bilecik Bilecik Bilecik Bilecik

Yanık buğdaylar/ (Record no. 20756)

MARC details
000 -BAŞLIK
Sabit Uzunluktaki Kontrol Alanı 01518nam a22003497a 4500
001 - KONTROL NUMARASI
Control Dosyası 0020800
003 - KONTROL NUMARASI KİMLİĞİ
Kontrol Alanı KOHA_MİRAKIL
005 - EN SON İŞLEM TARİHİ ve ZAMANI
Kontrol Alanı 20260207002302.0
007 - FİZİKSEL TANIM SABİT ALAN - GENEL BİLGİ
Sabit uzunluklu kontrol alanı ta
008 - SABİT UZUNLUKTAKİ VERİ ÖGELERİ - GENEL BİLGİ
Sabit Alan 100812b1997 tu |||gr||||#0|||1|tur |
020 ## - ISBN - ULUSLARARASI STANDART KİTAP NUMARASI
Isbn 9757544116
040 ## - KATALOGLAMA KAYNAĞI
Özgün Kataloglama Kurumu TR-BiSEU
Kataloglama Dili tur
Çeviri Kurumu TR-BiSEU
Açıklama Kuralları rda
041 0# - DİL KODU
Metin ya da ses kaydının dil kodu tur
044 ## - YAYINLAYAN/ÜRETEN KURULUŞUN ÜLKE KODU
ISO country code tu
050 ## - SINIFLAMA ve YER NUMARASI
Sınıflama Numarası PL248.Y55
Yer Numarası Y36 1997
100 1# - KİŞİ ADI
Yazar Adı (Kişi adı) Yıldız, Ahmet Günbay.
245 1# - ESER ADI BİLDİRİMİ
Başlık Yanık buğdaylar/
Sorumluluk Bildirimi Ahmet Günbay Yıldız ; Ahmed Günbay Yıldız.
264 #1 - ÜRERİM, YAYIN, DAĞITIM ve TELİF BİLDİRİMİ
Yayın yeri İstanbul :
Yayınlayan Timaş
Yayın tarihi 1997
300 ## - FİZİKSEL TANIMLAMA
Sayfa, Cilt vb. 361 s.; 20 cm.
336 ## - İÇERİK TÜRÜ
Content type term metin
Content type code txt
Source rdacontent
337 ## - MEDYA TÜRÜ
Media type term aracısız
Media type code n
Source rdamedia
338 ## - TAŞIYICI TÜRÜ
Carrier type term cilt
Carrier type code nc
Source rdacarrier
490 1# - DİZİ BİLDİRİMİ
Dizi Bildirimi Timaş yayınları ;
Cilt Numarası 2.
490 1# - DİZİ BİLDİRİMİ
Dizi Bildirimi Roman dizisi ;
Cilt Numarası 2.
505 ## - İÇİNDEKİLER NOTU
İçindekiler Notu Her şey bir depremle başladı. Şiddetli bir yer sarsıntısının sebeb olduğu bir felaket...
650 #0 - KONU BAŞLIĞI EK GİRİŞ - KONU TERİMİ
Konusal terim veya coğrafi ad Türk romanı.
9 (RLIN) 5504
650 #0 - KONU BAŞLIĞI EK GİRİŞ - KONU TERİMİ
Konusal terim veya coğrafi ad Turkish fiction.
9 (RLIN) 6661
830 1# - SERİ EK GİRİŞİ - TEKBİÇİM ESER ADI
Tekbiçim Başlık Timaş yayınları ;
Volume number/sequential designation 2.
9 (RLIN) 8079
830 1# - SERİ EK GİRİŞİ - TEKBİÇİM ESER ADI
Tekbiçim Başlık Roman dizisi ;
Volume number/sequential designation 2.
9 (RLIN) 22627
907 ## - LOCAL DATA ELEMENT G, LDG (RLIN)
a Roman
942 ## - EK GİRİŞ ÖGELERİ (KOHA)
Source of classification or shelving scheme Library of Congress Classification
Koha item type Book
505 ## - İÇİNDEKİLER NOTU
-- Ve felaketten pay alanlarla çıkar sağlayanlar. İyi ile kötünün bitmeyen kavgası.İyisi ile kötüsü ile bizim insanlarımız. Ve bizim ülkemizin bir köşesinde kırsal kesimde birbirini izleyen nesiller arası olaylar dizisi. Yetmiş yıllık tarihimizin sembollerle ifade edilen bir minyatürü...
-- Problemlerin çıkış noktasını da göreceğimiz bu romanda. kendinizden de izler bulacak. mutluluğa atılan adarı hissedeceksiniz.
Holdings
Materyal Türü Kalıcı Konum Mevcut Konum Sınıflandırma Kaynağı Edinim Bilgisi Ana Konular Alt Konular Yer Numarası Demirbaş Numarası Fatura Tarihi Maliyet, Alış Fiyatı Maliyet, Yenileme Fiyatı Geri Çekilme Durumu Kayıp Durumu Hasarlı Durumu Kredi için değil Kayıt Tarih Toplam Ödünçverme Son Görülme Tarihi Son Kontrol Tarihi Genel / Bağış Notu
Book BŞEÜ Pazaryeri MYO Kütüphanesi BŞEÜ Pazaryeri MYO Kütüphanesi Library of Congress Classification Bağış DİL VE EDEBİYAT Doğu Asya, Afrika, Okyanusya Dilleri ve Edebiyatları PL248.Y55 Y36 1997 0020800 02/02/2026 4.00 4.00         12/08/2010   05/12/2024 05/12/2024 Genel Bağış